| 000 -LEADER |
| fixed length control field |
00871cam a2200253 i 4500 |
| 003 - CONTROL NUMBER IDENTIFIER |
| control field |
OSt |
| 005 - DATE AND TIME OF LATEST TRANSACTION |
| control field |
20240117101136.0 |
| 008 - FIXED-LENGTH DATA ELEMENTS--GENERAL INFORMATION |
| fixed length control field |
211218s2021 sz a 000 0 ger |
| 020 ## - INTERNATIONAL STANDARD BOOK NUMBER |
| International Standard Book Number |
9783038630579 |
| Qualifying information |
cloth |
| 041 1# - LANGUAGE CODE |
| Language code of text/sound track or separate title |
ger |
| -- |
eng |
| 042 ## - AUTHENTICATION CODE |
| Authentication code |
pcc |
| 043 ## - GEOGRAPHIC AREA CODE |
| Geographic area code |
e-sz--- |
| 082 ## - DEWEY DECIMAL CLASSIFICATION NUMBER |
| Classification number |
720.92 |
| 245 00 - TITLE STATEMENT |
| Title |
Roger Boltshauser : |
| Remainder of title |
1996-2021 / |
| Statement of responsibility, etc |
Martin Tschanz (Hrsg.). |
| 300 ## - PHYSICAL DESCRIPTION |
| Extent |
535 pages : |
| Other physical details |
illustrations (chiefly color) ; |
| Dimensions |
31 cm. |
| 546 ## - LANGUAGE NOTE |
| Language note |
Parallel texts in German and English. |
| 600 10 - SUBJECT ADDED ENTRY--PERSONAL NAME |
| Personal name |
Boltshauser, Roger, |
| Dates associated with a name |
1964- |
| 650 #0 - SUBJECT ADDED ENTRY--TOPICAL TERM |
| Topical term or geographic name as entry element |
Architecture |
| Geographic subdivision |
Switzerland |
| General subdivision |
History |
| Chronological subdivision |
20th century |
| 650 #0 - SUBJECT ADDED ENTRY--TOPICAL TERM |
| Topical term or geographic name as entry element |
Architecture |
| Geographic subdivision |
Switzerland |
| General subdivision |
History |
| Chronological subdivision |
21st century |
| 700 1# - ADDED ENTRY--PERSONAL NAME |
| Personal name |
Tschanz, Martin, |
| Relator term |
editor |
| 906 ## - LOCAL DATA ELEMENT F, LDF (RLIN) |
| a |
7 |
| b |
cbc |
| c |
origres |
| d |
3 |
| e |
ncip |
| f |
20 |
| g |
y-gencatlg |
| 942 ## - ADDED ENTRY ELEMENTS (KOHA) |
| Source of classification or shelving scheme |
|
| 955 ## - COPY-LEVEL INFORMATION (RLIN) |
| Classification number, CCAL (RLIN) |
ve21 2021-12-24 |
| Book number/undivided call number, CCAL (RLIN) |
ff16 2022-01-28 |
| Classification number, CCAL (RLIN) |
ff00 2022-01-28 to GS/SBCG |
| Copy status, CST (RLIN) |
ff12 2023-05-22 to CMD |